Classical mechanics (Record no. 18491)

MARC details
000 -LEADER
fixed length control field 00699nam a2200241Ia 4500
003 - CONTROL NUMBER IDENTIFIER
control field IN-BaIIA
008 - FIXED-LENGTH DATA ELEMENTS--GENERAL INFORMATION
fixed length control field 211028s9999 xx 000 0 eng d
020 ## - INTERNATIONAL STANDARD BOOK NUMBER
International Standard Book Number 978-81-317-5891-5
040 ## - CATALOGING SOURCE
Transcribing agency IIA Library
080 ## - UNIVERSAL DECIMAL CLASSIFICATION NUMBER
Universal Decimal Classification number 531
Item number GOL
100 ## - MAIN ENTRY--PERSONAL NAME
Personal name Goldstein, Herbert
245 #0 - TITLE STATEMENT
Title Classical mechanics
Statement of responsibility, etc. Herbert Goldstein, C. P. Poole and J. L. Safko
250 ## - EDITION STATEMENT
Edition statement 3rd ed.
260 ## - PUBLICATION, DISTRIBUTION, ETC.
Place of publication, distribution, etc. New Delhi
Name of publisher, distributor, etc. Pearson-Dorling Kindersley
Date of publication, distribution, etc. 2013
300 ## - PHYSICAL DESCRIPTION
Extent xviii, 646p.
650 ## - SUBJECT ADDED ENTRY--TOPICAL TERM
Topical term or geographic name entry element Classical mechanics
9 (RLIN) 1541
650 ## - SUBJECT ADDED ENTRY--TOPICAL TERM
Topical term or geographic name entry element Elementary principles
9 (RLIN) 27097
650 ## - SUBJECT ADDED ENTRY--TOPICAL TERM
Topical term or geographic name entry element Kinematics
9 (RLIN) 1556
650 ## - SUBJECT ADDED ENTRY--TOPICAL TERM
Topical term or geographic name entry element Oscillations
9 (RLIN) 2762
700 ## - ADDED ENTRY--PERSONAL NAME
Personal name Poole, Charles P
9 (RLIN) 23023
700 ## - ADDED ENTRY--PERSONAL NAME
Personal name Safko, John L
9 (RLIN) 35523
942 ## - ADDED ENTRY ELEMENTS (KOHA)
Koha item type Books
Holdings
Withdrawn status Lost status Damaged status Not for loan Home library Current library Shelving location Date acquired Source of acquisition Cost, normal purchase price Total Checkouts Full call number Barcode Date last seen Date last checked out Cost, replacement price Price effective from Koha item type Purchase Price
        IIA Library-Bangalore IIA Library-Bangalore General Stacks 16/01/2013 BBI 550.00 1 531/ GOL 19413 11/12/2023 30/09/2023 550.00 16/01/2013 Books Rs. 550.00

Powered by Koha